000 01065cam a2200145 4500500
005 20260405090358.0
041 _afre
042 _adc
100 1 0 _aMichaud, Yves
_eauthor
700 1 0 _aUniversité de tous les savoirs
_eauthor
245 0 0 _aL'Économie, le Travail, l'Entreprise : volume 3
260 _bOdile Jacob,
_c2002.
520 _aLes grandes questions que posent la vie économique, le travail et l’entreprise aujourd’hui : la production et la circulation des richesses, l’innovation et le risque, l’avenir du travail, les enjeux de la formation. L’Université de tous les savoirs : une approche contemporaine des différents domaines de la connaissance dans un esprit qui est à la fois celui du bilan encyclopédique et celui du questionnement d’avenir. Contributions, notamment, d’Edmond Alphandéry, Daniel Cohen, Élie Cohen, André Orléan, Robert Rochefort, Christian Stoffaës, Alain Touraine.
856 4 1 _uhttps://shs.cairn.info/l-economie-le-travail-l-entreprise--9782738110565?lang=fr&redirect-ssocas=7080
999 _c2204891
_d2204891